| 000 | 01549cam a2200253K 4500 | ||
|---|---|---|---|
| 001 | 77865 | ||
| 003 | BD-RjUL | ||
| 005 | 20220111155214.0 | ||
| 008 | 210201s2001 xx 000 0 ara d | ||
| 035 | _a(BD-RjUL)78091 | ||
| 040 |
_aCLU _beng _cCLU _dOCLCQ _dOCLCG |
||
| 041 | _aara | ||
| 082 |
_223 _a297.12542 _bNAS 2001 |
||
| 100 | 1 |
_a النووي, ابي زكريا يحيى بن شرف Al-Nawawi, Abi Zakaria Yahya Bin Sharaf _9244265 |
|
| 245 | 1 | 0 |
_aصحيح مسلم بشرح النووي ;; Saḥiḥ Muslim bi sharḥ al-Nawawī./ _cابي زكريا يحيى بن شرف النووي ;; Abi Zakaria Yahya bin Sharaf Al-Nawawi |
| 260 |
_aالقاهرة : _cدار الدعوة الإسلامية , _b2001 |
||
| 300 |
_a18 volumes in 9 _c24 cm |
||
| 505 | _aVol.1.Kitab al-Iman.--v.2.kitab al-aiman,taharat, haeij.--v.3.kitab al-maszid,salatu al-musafirin wa kasr.--v.4.takmilat kitab al-janaij.,jakat,saum.--v.5.kitab al-haj, nikah.v-6--faraij ,hibat ,wasiah ,nazr , Iman ,kasamat wa al-mahribin wa al-kesas walidiat ,hudud.--v-7.kitab al- Imara ,syid al-zabaieh wama yukalu min al-haiwan ,azha ,al-ishrabatu.--v.8.kitab alalfaz min alaladb waghyrha ,al sh'ar , al ruya , fazail , kitab fazail al-sabat | ||
| 505 | _a(R)kitab al- jikir , Dua wa Al-tawba wa al-Istigfar , rifaq , tawba , sifat al Munafiqin wa ahkamuhum ,sifat al-qiama wa al-zanazah wa al-nar , al zannat wa sifat nimuha wa ahluha.-- | ||
| 650 | 0 |
_aHadith. _9244266 |
|
| 650 | 7 |
_aHadith. _2fast _9244266 |
|
| 700 | 0 |
_aNawawī, _d1233-1277. _9634 |
|
| 942 |
_2ddc _cBK |
||
| 999 |
_c77865 _d77865 |
||